000
00229nam a2200085Ia 4500
008
170620s9999 xx 000 0 und d
100
_a
Brennan- James F.
245
0
_a
History and Systems of Psychology
260
_b
New Delhi- Pearson Education
260
_c
2008
999
_c
25055
_d
25055